Հուշեր / (Record no. 91462)
[ view plain ]
| 000 -LEADER | |
|---|---|
| fixed length control field | 00625nam a2200181 a 4500 |
| 001 - CONTROL NUMBER | |
| control field | 000254215 |
| 003 - CONTROL NUMBER IDENTIFIER | |
| control field | AM-YeHGA |
| 005 - DATE AND TIME OF LATEST TRANSACTION | |
| control field | 20250618071716.0 |
| 008 - FIXED-LENGTH DATA ELEMENTS--GENERAL INFORMATION | |
| fixed length control field | 030814s1960 ai 000 | arm d |
| 040 ## - CATALOGING SOURCE | |
| Original cataloging agency | AM-YeHGA |
| 090 ## - LOCALLY ASSIGNED LC-TYPE CALL NUMBER (OCLC); LOCAL CALL NUMBER (RLIN) | |
| -- | 92759 |
| 100 1# - MAIN ENTRY--PERSONAL NAME | |
| Personal name | Ալազան, Վահրամ Մարտիրոսի, |
| Dates associated with a name | 1903-1966 |
| 9 (RLIN) | 78 |
| 245 10 - TITLE STATEMENT | |
| Title | Հուշեր / |
| Statement of responsibility, etc. | Վ.Մ. Ալազան; Խմբ.՝ Ս. Սարգսյան. |
| 260 ## - PUBLICATION, DISTRIBUTION, ETC. | |
| Place of publication, distribution, etc. | Երևան : |
| Name of publisher, distributor, etc. | Հայպետհրատ, |
| Date of publication, distribution, etc. | 1960. |
| 300 ## - PHYSICAL DESCRIPTION | |
| Extent | 268 էջ : |
| Other physical details | դիմանկ. ; |
| Dimensions | 20 սմ. |
| 650 14 - SUBJECT ADDED ENTRY--TOPICAL TERM | |
| Topical term or geographic name entry element | Հայ գրականություն |
| General subdivision | Հուշեր |
| 9 (RLIN) | 4536 |
| 700 1# - ADDED ENTRY--PERSONAL NAME | |
| Personal name | Սարգսյան, Ս. |
| Relator term | խմբ. |
| Relationship | edt |
| Withdrawn status | Lost status | Damaged status | Not for loan | Collection | Home library | Current library | Date acquired | Total checkouts | Full call number | Barcode | Date last seen | Cost, replacement price | Price effective from | Koha item type | Public note | Source of classification or shelving scheme |
|---|---|---|---|---|---|---|---|---|---|---|---|---|---|---|---|---|
| General | Fundamental Scientific Library | Fundamental Scientific Library | 22/12/2016 | AII/3459 | FL0026646 | 22/12/2016 | 4.00 | 22/12/2016 | Գրքեր / Books | 30 Days Loan | ||||||
| General | Fundamental Scientific Library | Fundamental Scientific Library | 22/12/2016 | AII/3460 | FL0026647 | 22/12/2016 | 4.00 | 22/12/2016 | Գրքեր / Books | 30 Days Loan | ||||||
| General | Fundamental Scientific Library | Fundamental Scientific Library | 22/12/2016 | AII/3461 | FL0026648 | 22/12/2016 | 4.00 | 22/12/2016 | Գրքեր / Books | 30 Days Loan | ||||||
| Levonyan Individual Collection | Fundamental Scientific Library | Fundamental Scientific Library | 22/12/2016 | Лев/688 | FL0387086 | 22/12/2016 | 22/12/2016 | Գրքեր / Books | ILL Non-Circ. | Universal Decimal Classification |
ՀՀ Գիտությունների ազգային ակադեմիայի հիմնարար գիտական գրադարան = Fundamental Scientific Library of NAS RA
All site content, except where otherwise noted, is licensed under a